000 00930nab a2200205 i 4500
001 768714001
003 CO-MdFUSB
005 20240426102525.0
008 240426t1986 us ||||| |||| 00| 0 eng d
040 _bspa
_cCO-MdFUSB
_dCO-MdFUSB
041 _aeng
100 _aAker, John B.
_eautor
245 1 _aJuggling :
_bthe ministerial art
_c/ John B. Aker
300 _aVolumen 7, número 3 (winter, 1986), páginas: 26 - 31
_c; 27 cm
520 _aEste artículo trata sobre los malabares en el arte ministerial. Y menciona que para mantener en alto las innumerables demandas del ministerio y necesidades de las personas a quienes ministramos, se debe tener destreza y agilidad.
546 _aTexto en inglés.
650 7 _aTeología pastoral y unidad cristiana
_97183
773 0 _068780
_982552
_oR2486
_tLeadership :
_w(CO-MdFUSB)768714001
_gVolumen 5, número 1 (winter, 1984), páginas: 26 - 31
_qpágina: 26
942 _cANA
999 _c69402
_d69402